Partidos Políticos Brasileiros - Statistics

Estatísticas Gerais
  • Esse quiz foi jogado 22 vezes
  • A pontuação média é 21 de 30
Estatísticas das Respostas
Sigla Partido % Correto
65 PCdoB Partido Comunista do Brasil
100%
43 PV Partido Verde
95%
22 PL Partido Liberal
89%
15 MDB Movimento Democrático Brasileiro
89%
13 PT Partido dos Trabalhadores
89%
40 PSB Partido Socialista Brasileiro
89%
20 PODE Podemos
89%
36 AGIR Agir
84%
10 REPUBLICANOS Republicanos
84%
27 DC Democracia Cristã
79%
70 AVANTE Avante
79%
23 CIDADANIA Cidadania
79%
21 PCB Partido Comunista Brasileiro
79%
12 PDT Partido Democrático Trabalhista
74%
44 UNIÃO União Brasil
74%
30 NOVO Partido Novo
74%
55 PSD Partido Social Democrático
74%
77 SOLIDARIEDADE Solidariedade
74%
35 O DEMOCRATA O Democrata
63%
11 PP Progressistas
58%
29 PCO Partido da Causa Operária
58%
45 PSDB Partido da Social Democracia Brasileira
53%
14 MISSÃO Partido Missão
47%
50 PSOL Partido Socialismo e Liberdade
47%
16 PSTU Partido Socialista dos Trabalhadores Unificado
47%
33 MOBILIZA Mobilização Nacional
42%
18 REDE Rede Sustentabilidade
42%
80 UP Unidade Popular
42%
25 PRD Partido Renovação Democrática
32%
28 PRTB Partido Renovador Trabalhista Brasileiro
32%
Nenhum quiz correspondente encontrado
Distribuição das Pontuações
Porcentagem de Pessoas com Cada Pontuação
Percentil de Números Respondidos
Sua Pontuação Histórica
Você não jogou esse quiz